00450nam a2200109Ia 4500008004100000100002200041245013800063260004600201300001100247650001300258856006900271160712s9999 xx 000 0 und d aEvasco, Eugene Y. cEugene Y. EvascoaPagpuwing sa Daigdig na Minamatang-Manok: Politika, Estetika, at Poetika ng Espasyo sa mga Dula ni Rolando S. Tinio c2015bDaluyan: Journal ng Wikang Filipino a no. 2 xFILIPINO uhttp://journals.upd.edu.ph/index.php/djwf/issue/view/473/showToc